God Wrote only one Bible / (Record no. 4247)

MARC details
000 -LEADER
fixed length control field 00464nam a22001697a 4500
003 - CONTROL NUMBER IDENTIFIER
control field GBCCL
005 - DATE AND TIME OF LATEST TRANSACTION
control field 20241126110514.0
008 - FIXED-LENGTH DATA ELEMENTS--GENERAL INFORMATION
fixed length control field 180117b xxu||||| |||| 00| 0 eng d
040 ## - CATALOGING SOURCE
Transcribing agency gbc
082 ## - DEWEY DECIMAL CLASSIFICATION NUMBER
Classification number 220.52
Item number RAY
100 ## - MAIN ENTRY--PERSONAL NAME
Personal name Ray, Jasper James
9 (RLIN) 8054
245 ## - TITLE STATEMENT
Title God Wrote only one Bible /
Statement of responsibility, etc. Jasper James Ray
260 ## - PUBLICATION, DISTRIBUTION, ETC.
Name of publisher, distributor, etc. The Eye Opener Publishers,
Place of publication, distribution, etc. Oregon:
Date of publication, distribution, etc. 1976
300 ## - PHYSICAL DESCRIPTION
Extent 122 p.;
Other physical details ill.,
Dimensions 22 cm.
650 ## - SUBJECT ADDED ENTRY--TOPICAL TERM
Topical term or geographic name entry element Bible
Form subdivision versions
9 (RLIN) 9993
942 ## - ADDED ENTRY ELEMENTS (KOHA)
Source of classification or shelving scheme Dewey Decimal Classification
Koha item type Books
Koha issues (borrowed), all copies 1
Holdings
Withdrawn status Lost status Source of classification or shelving scheme Damaged status Not for loan Home library Current Library Shelving location Date acquired Total checkouts Total renewals Full call number Barcode Date last seen Date last checked out Copy number Price effective from Koha item type
    Dewey Decimal Classification     GRACE BIBLE COLLEGE GRACE BIBLE COLLEGE Biblical Studies 2018-01-17 1 2 220.52 RAY 003893 2025-05-01 2020-03-04 c.1 2018-01-17 Books
© Grace Bible College Library 2025